000 00259nam a2200097Ia 4500
001 726272
005 20250826163425.0
008 250824s9999 xx 000 0 und d
245 0 _aGÜZELCE DE BİR KAÇAK,MEMO
_cZEYNEP CEMALİ
260 _bGÜNIŞIĞI KİTAPLIĞI
999 _c726272
_d726272